UM Logo
Normal view MARC view
  • Chipman, Stephen M.

Entry Personal Name

Number of records used in: 1

001 - CONTROL NUMBER

  • control field: 42859

003 - CONTROL NUMBER IDENTIFIER

  • control field: OSt

005 - DATE AND TIME OF LATEST TRANSACTION

  • control field: 20210203105423.0

008 - FIXED-LENGTH DATA ELEMENTS

  • fixed length control field: 210203|| aca||aabn | a|a d

040 ## - CATALOGING SOURCE

  • Original cataloging agency: OSt
  • Transcribing agency: OSt

100 ## - HEADING--PERSONAL NAME

  • Personal name: Chipman, Stephen M.

670 ## - SOURCE DATA FOUND

  • Source citation: Work cat.: (OSt): Chipman, Stephen M., Auditor independence and audit firm rotation:, ©2012.